[Event "Kecskemet Caissa IM 05"]
[Site "Kecskemet"]
[Date "2006.05.23"]
[Round "6"]
[White "Sutorikhin, Vladimir"]
[Black "Bogumil, Pavel"]
[Result "1/2-1/2"]
[WhiteElo "2359"]
[BlackElo "2280"]
[PlyCount "26"]
[EventDate "2006.05.20"]
[EventType "tourn"]
[EventRounds "10"]
[EventCountry "HUN"]
[EventCategory "2"]
[SourceTitle "CBM 112 Extra"]
[Source "ChessBase"]
[SourceDate "2006.07.14"]
[SourceVersion "1"]
[SourceVersionDate "2006.07.14"]
[SourceQuality "1"]

1. d4 d5 2. c4 e6 3. Nc3 Nf6 4. cxd5 exd5 5. Bg5 Be7 6. e3 c6 7. Qc2 h6 8. Bf4 Be6 9. h3 Bd6 10. Bxd6 Qxd6 11. Nf3 Nbd7 12. Bd3 a6 13. 0-0 0-0 1/2-1/2

[Event "Kecskemet Caissa IM 05"]
[Site "Kecskemet"]
[Date "2006.05.22"]
[Round "4"]
[White "Bogumil, Pavel"]
[Black "Dostan, Janos"]
[Result "1/2-1/2"]
[WhiteElo "2280"]
[BlackElo "2285"]
[PlyCount "42"]
[EventDate "2006.05.20"]
[EventType "tourn"]
[EventRounds "10"]
[EventCountry "HUN"]
[EventCategory "2"]
[SourceTitle "CBM 112 Extra"]
[Source "ChessBase"]
[SourceDate "2006.07.14"]
[SourceVersion "1"]
[SourceVersionDate "2006.07.14"]
[SourceQuality "1"]

1. d4 d5 2. c4 e6 3. Nc3 Nf6 4. Bg5 Be7 5. e3 Nbd7 6. Nf3 0-0 7. Qc2 c5 8. Rd1 cxd4 9. exd4 b6 10. Bd3 dxc4 11. Bxc4 Bb7 12. Qe2 Nd5 13. Bxe7 Nxe7 14. 0-0 Rc8 15. d5 exd5 16. Nxd5 Nxd5 17. Bxd5 Bxd5 18. Rxd5 Qc7 19. Rd4 Rfe8 20. Qd2 Nf6 21. Rd1 h6 1/2-1/2

[Event "Kecskemet Caissa IM 05"]
[Site "Kecskemet"]
[Date "2006.05.21"]
[Round "3"]
[White "Bogumil, Pavel"]
[Black "Eisenbeiser, Amadeus"]
[Result "1/2-1/2"]
[WhiteElo "2280"]
[BlackElo "2370"]
[PlyCount "29"]
[EventDate "2006.05.20"]
[EventType "tourn"]
[EventRounds "10"]
[EventCountry "HUN"]
[EventCategory "2"]
[SourceTitle "CBM 112 Extra"]
[Source "ChessBase"]
[SourceDate "2006.07.14"]
[SourceVersion "1"]
[SourceVersionDate "2006.07.14"]
[SourceQuality "1"]

1. e4 c5 2. Nf3 e6 3. Qe2 d6 4. g3 Nc6 5. Bg2 g6 6. 0-0 Bg7 7. c3 Nge7 8. Na3 0-0 9. Nc2 e5 10. h3 h6 11. d3 Be6 12. Be3 b6 13. Qd2 Kh7 14. d4 cxd4 15. cxd4 1/2-1/2

[Event "Kecskemet Caissa IM 05"]
[Site "Kecskemet"]
[Date "2006.05.20"]
[Round "1"]
[White "Bogumil, Pavel"]
[Black "Sutorikhin, Vladimir"]
[Result "1/2-1/2"]
[WhiteElo "2280"]
[BlackElo "2359"]
[PlyCount "26"]
[EventDate "2006.05.20"]
[EventType "tourn"]
[EventRounds "10"]
[EventCountry "HUN"]
[EventCategory "2"]
[SourceTitle "CBM 112 Extra"]
[Source "ChessBase"]
[SourceDate "2006.07.14"]
[SourceVersion "1"]
[SourceVersionDate "2006.07.14"]
[SourceQuality "1"]

1. e4 d6 2. d4 Nf6 3. Nc3 Nbd7 4. g3 e5 5. Nge2 b5 6. a3 c6 7. Bg2 Be7 8. 0-0 Bb7 9. h3 h5 10. Be3 a6 11. f4 0-0 12. Kh2 Re8 13. Bf3 exd4 1/2-1/2

[Event "Voronezh Master op"]
[Site "Voronezh"]
[Date "2003.06.12"]
[Round "1"]
[White "Bogumil, Pavel"]
[Black "Voitsekhovsky, Stanislav"]
[Result "0-1"]
[WhiteElo "2312"]
[BlackElo "2532"]
[PlyCount "48"]
[EventDate "2003.06.12"]
[EventType "swiss"]
[EventRounds "9"]
[EventCountry "RUS"]
[SourceTitle "CBM 094 Extra"]
[Source "ChessBase"]
[SourceDate "2003.07.09"]
[SourceVersion "2"]
[SourceVersionDate "2003.07.09"]
[SourceQuality "1"]

1. d4 Nf6 2. Nf3 g6 3. Nbd2 d5 4. g3 Bg7 5. Bg2 c5 6. c3 cxd4 7. cxd4 Nc6 8. 0-0 0-0 9. Nb3 Bf5 10. Nc5 Qb6 11. e3 Rfd8 12. Nh4 Bg4 13. Qa4 e5 14. h3 Be2 15. Re1 Bb5 16. Qd1 exd4 17. exd4 Nxd4 18. Na4 Bxa4 19. Qxa4 Ne4 20. Be3 Qxb2 21. Rab1 Qc2 22. Qb4 Ne2+ 23. Kh2 b6 24. Bf3 N2c3 0-1

[Event "Chigorin Memorial-B 10th"]
[Site "St Petersburg"]
[Date "2002.11.03"]
[Round "9"]
[White "Bogumil, Pavel"]
[Black "Zemerov, Vladimir"]
[Result "1-0"]
[WhiteElo "2323"]
[BlackElo "2317"]
[PlyCount "59"]
[EventDate "2002.10.25"]
[EventType "swiss"]
[EventRounds "9"]
[EventCountry "RUS"]
[SourceTitle "EXT 2003"]
[Source "ChessBase"]
[SourceDate "2002.11.25"]
[SourceVersion "1"]
[SourceVersionDate "2002.11.25"]
[SourceQuality "1"]

1. e4 c5 2. Nf3 e6 3. Qe2 Nc6 4. g3 g6 5. Bg2 Bg7 6. c3 Nge7 7. 0-0 b6 8. Na3 0-0 9. Nc2 a5 10. d3 Ba6 11. Rd1 d5 12. e5 a4 13. h4 b5 14. Bf4 b4 15. Bh3 c4 16. d4 a3 17. bxa3 bxc3 18. h5 Qa5 19. hxg6 hxg6 20. Kg2 Bb5 21. Qe3 Ba4 22. Rac1 Bxc2 23. Rxc2 Qxa3 24. Bh6 Nb4 25. Rxc3 Qxa2 26. Qg5 Nd3 27. Rcxd3 cxd3 28. Bxg7 Kxg7 29. Qf6+ Kg8 30. Bg4 1-0

[Event "Chigorin Memorial-B 10th"]
[Site "St Petersburg"]
[Date "2002.10.31"]
[Round "6"]
[White "Bogumil, Pavel"]
[Black "Lazhevskaya, Zhanni"]
[Result "1-0"]
[WhiteElo "2323"]
[BlackElo "2087"]
[PlyCount "113"]
[EventDate "2002.10.25"]
[EventType "swiss"]
[EventRounds "9"]
[EventCountry "RUS"]
[SourceTitle "EXT 2003"]
[Source "ChessBase"]
[SourceDate "2002.11.25"]
[SourceVersion "1"]
[SourceVersionDate "2002.11.25"]
[SourceQuality "1"]

1. e4 e5 2. Nf3 Nc6 3. Bb5 Bc5 4. 0-0 Nd4 5. Bc4 Nxf3+ 6. Qxf3 Qf6 7. Qe2 d6 8. d3 Qg6 9. Kh1 Nf6 10. Be3 Bg4 11. f3 Bxe3 12. Qxe3 Be6 13. Nc3 c6 14. Bxe6 fxe6 15. d4 Nd7 16. dxe5 Nxe5 17. Qd4 Rd8 18. Qxa7 0-0 19. Qe3 Nc4 20. Qe2 d5 21. b3 Nd6 22. a4 d4 23. Nd1 e5 24. Nf2 Qh5 25. a5 Ra8 26. Ng4 Rf4 27. Nf2 Kh8 28. Ng4 h6 29. Kg1 Nb5 30. Qc4 Nc3 31. h3 Qg5 32. g3 Rff8 33. Kg2 h5 34. h4 Qe7 35. Nf2 Rf6 36. Nh3 Raf8 37. Qd3 c5 38. Ng5 g6 39. Qc4 Kg7 40. Qd3 Ra6 41. f4 Raf6 42. a6 bxa6 43. Rxa6 Nxe4 44. Nxe4 c4 45. Qxc4 Qb7 46. Rxf6 Qxe4+ 47. Rf3 Rxf6 48. Qc7+ Rf7 49. Qxe5+ Qxe5 50. fxe5 Re7 51. Rd3 Rxe5 52. Kf3 Rc5 53. Ke4 Rxc2 54. Kxd4 g5 55. hxg5 Rf2 56. b4 Rf5 57. Rb3 1-0

[Event "Chigorin Memorial-B 10th"]
[Site "St Petersburg"]
[Date "2002.10.27"]
[Round "3"]
[White "Mokhna, Natalia"]
[Black "Bogumil, Pavel"]
[Result "0-1"]
[WhiteElo "2181"]
[BlackElo "2323"]
[PlyCount "116"]
[EventDate "2002.10.25"]
[EventType "swiss"]
[EventRounds "9"]
[EventCountry "RUS"]
[SourceTitle "EXT 2003"]
[Source "ChessBase"]
[SourceDate "2002.11.25"]
[SourceVersion "1"]
[SourceVersionDate "2002.11.25"]
[SourceQuality "1"]

1. e4 c5 2. Nf3 Qc7 3. c3 e6 4. d4 cxd4 5. cxd4 d6 6. Nc3 a6 7. a4 b6 8. Be2 Bb7 9. 0-0 Nf6 10. d5 e5 11. h3 Nbd7 12. Be3 Nc5 13. Rc1 Qd8 14. Nd2 Be7 15. b4 Ncd7 16. Nc4 0-0 17. f4 exf4 18. Bxf4 Ne8 19. Be3 Rb8 20. Bg4 Nef6 21. Be2 Bc8 22. Qd4 Ne8 23. Bf4 Bf6 24. Qf2 Qe7 25. Bd3 Ne5 26. Nxe5 dxe5 27. Be3 Qxb4 28. Na2 Qxa4 29. Bxb6 Be7 30. Rc4 Qb3 31. Rc3 Qxb6 32. Qxb6 Rxb6 33. Rxc8 Nd6 34. Rc7 Bg5 35. Nc3 Be3+ 36. Kh1 h5 37. h4 Nb5 38. Nxb5 axb5 39. d6 Rxd6 40. Bxb5 Bf4 41. Bc4 Rg6 42. Rb1 Rg4 43. Kg1 Be3+ 44. Kh2 Rxh4+ 45. Kg3 Rg4+ 46. Kf3 Bd4 47. g3 Rg6 48. Rbb7 Rf6+ 49. Kg2 g5 50. Kh3 Rf2 51. Be6 Be3 52. g4 h4 53. Bb3 Bf4 54. Rc2 Rf3+ 55. Kg2 Rg3+ 56. Kh1 h3 57. Bd5 Rxg4 58. Rb3 Rh4 0-1

[Event "HUN-chT 9697"]
[Site "Hungary"]
[Date "1996.??.??"]
[Round "6"]
[White "Bogumil, Pavel"]
[Black "Borocz, Istvan"]
[Result "1/2-1/2"]
[WhiteElo "2400"]
[BlackElo "2415"]
[PlyCount "84"]
[EventDate "1996.??.??"]
[EventType "team"]
[EventRounds "12"]
[EventCountry "HUN"]
[SourceTitle "EXT 2006"]
[Source "ChessBase"]
[SourceDate "2005.11.24"]
[SourceVersion "1"]
[SourceVersionDate "2005.11.24"]
[SourceQuality "1"]
[WhiteTeam "DUTEP"]
[BlackTeam "Ajka Banyasz"]
[WhiteTeamCountry "HUN"]
[BlackTeamCountry "HUN"]

1. e4 c5 2. Nf3 e6 3. b3 a6 4. Bb2 Nc6 5. d3 Nf6 6. g3 Be7 7. Bg2 0-0 8. 0-0 d5 9. Nbd2 d4 10. Ne1 e5 11. h3 Ne8 12. Bc1 Nd6 13. a4 Bd7 14. Ba3 Nb4 15. f4 f6 16. Nef3 Nf7 17. fxe5 fxe5 18. Nc4 Nc6 19. a5 Nxa5 20. Ncxe5 Nc6 21. Nxc6 Bxc6 22. Bc1 a5 23. Qe2 Qd7 24. Bf4 b6 25. Kh2 Rae8 26. h4 Bd6 27. Bh3 Qc7 28. Bxd6 Qxd6 29. Nd2 Ne5 30. Nf3 Nxf3+ 31. Rxf3 Rxf3 32. Qxf3 Rf8 33. Qe2 Qe5 34. Kg2 Bb7 35. Bd7 Bc8 36. Bxc8 Rxc8 37. Rf1 Rf8 38. Rxf8+ Kxf8 39. Qg4 Qf6 40. Qc8+ Kf7 41. Qc7+ Kf8 42. Qc8+ Kf7 1/2-1/2

[Event "Moscow-ch"]
[Site "Moscow"]
[Date "1996.??.??"]
[Round "8"]
[White "Bogumil, Pavel"]
[Black "Dubinsky, Roman"]
[Result "1/2-1/2"]
[WhiteElo "2395"]
[BlackElo "2210"]
[PlyCount "129"]
[EventDate "1996.08.??"]
[EventType "swiss"]
[EventRounds "11"]
[EventCountry "RUS"]
[SourceTitle "CBM 055 Extra"]
[Source "ChessBase"]
[SourceDate "1997.01.01"]
[SourceVersion "1"]
[SourceVersionDate "1997.01.01"]
[SourceQuality "1"]

1. e4 c5 2. Nf3 d6 3. Bb5+ Nd7 4. c3 Ngf6 5. d3 a6 6. Ba4 b5 7. Bc2 e5 8. Nbd2 Be7 9. Nf1 Nb6 10. Ng3 Qc7 11. 0-0 0-0 12. Re1 Re8 13. h3 Bd7 14. d4 cxd4 15. cxd4 Rac8 16. Bd3 exd4 17. Nxd4 d5 18. e5 Bc5 19. Nf3 Nc4 20. Bxc4 bxc4 21. exf6 Qxg3 22. Be3 Bxe3 23. Rxe3 Qd6 24. Rxe8+ Rxe8 25. fxg7 Re4 26. Rc1 Qf4 27. Rc2 Qf5 28. Rd2 Be6 29. Kf1 Qf4 30. Kg1 Qf6 31. Rd4 Qg6 32. Kh2 Kxg7 33. Qd2 h6 34. Rxe4 Qxe4 35. Qc3+ Kg8 36. a3 Qf4+ 37. Kg1 Bf5 38. Qd4 Be4 39. Nd2 Qg5 40. f3 Bd3 41. f4 Qg3 42. Qf2 Qxf2+ 43. Kxf2 d4 44. Nf3 c3 45. bxc3 dxc3 46. Ke3 Be4 47. Ne1 f5 48. g4 Kf7 49. Nd3 Kf6 50. h4 Kg6 51. g5 hxg5 52. hxg5 a5 53. Nc1 Kh5 54. Ne2 c2 55. Kd2 Kg4 56. Ke3 Bf3 57. Nc1 Be4 58. Kd4 Kh5 59. Kc5 a4 60. Kc4 Bf3 61. Kd3 Be4+ 62. Kd4 Kg6 63. Ke3 Kh5 64. Ne2 Kg4 65. Kd2 1/2-1/2

[Event "HUN-chT 9596"]
[Site "Hungary"]
[Date "1996.??.??"]
[Round "13"]
[White "Bogumil, Pavel"]
[Black "Farkas, Gyula"]
[Result "1-0"]
[WhiteElo "2370"]
[BlackElo "2215"]
[PlyCount "71"]
[EventDate "1995.??.??"]
[EventType "team"]
[EventRounds "13"]
[EventCountry "HUN"]
[SourceTitle "EXT 2000"]
[Source "ChessBase"]
[SourceDate "1999.11.16"]
[SourceVersion "1"]
[SourceVersionDate "1999.11.16"]
[SourceQuality "1"]

1. e4 c5 2. Nf3 Nc6 3. Bb5 g6 4. 0-0 Bg7 5. c3 e5 6. d3 Nge7 7. Bg5 h6 8. Be3 d6 9. d4 cxd4 10. cxd4 a6 11. Be2 exd4 12. Nxd4 0-0 13. Nc3 d5 14. exd5 Nxd5 15. Nxc6 bxc6 16. Nxd5 cxd5 17. Qd2 Rb8 18. Bd4 Bxd4 19. Qxd4 Qb6 20. Qf4 Qxb2 21. Bd3 Rb4 22. Qxh6 Qg7 23. Qg5 Be6 24. Bxa6 Ra8 25. Bd3 Rg4 26. Qd2 Rga4 27. Bb5 Ra3 28. Bc6 R8a5 29. Rab1 Rxa2 30. Rb8+ Kh7 31. Qg5 Qd4 32. h4 Rxf2 33. Rxf2 Ra1+ 34. Kh2 Qxf2 35. Rb3 f5 36. Rb7+ 1-0

[Event "Moscow-ch"]
[Site "Moscow"]
[Date "1996.??.??"]
[Round "11"]
[White "Krasnov, Sergey"]
[Black "Bogumil, Pavel"]
[Result "0-1"]
[WhiteElo "2295"]
[BlackElo "2395"]
[PlyCount "92"]
[EventDate "1996.08.??"]
[EventType "swiss"]
[EventRounds "11"]
[EventCountry "RUS"]
[SourceTitle "CBM 055 Extra"]
[Source "ChessBase"]
[SourceDate "1997.01.01"]
[SourceVersion "1"]
[SourceVersionDate "1997.01.01"]
[SourceQuality "1"]

1. e4 c6 2. Nc3 d5 3. Nf3 Bg4 4. h3 Bxf3 5. Qxf3 e6 6. d4 Nf6 7. Bd3 dxe4 8. Nxe4 Nbd7 9. 0-0 Nxe4 10. Bxe4 Nf6 11. Bg5 Be7 12. Rad1 Nxe4 13. Bxe7 Qxe7 14. Qxe4 0-0 15. Rd3 Rfd8 16. f4 Rd7 17. Rg3 Qf6 18. c3 Rd5 19. Kh2 Rad8 20. a4 g6 21. b4 b6 22. Qe2 a5 23. Qc4 R8d6 24. Rgf3 Qd8 25. bxa5 Rxa5 26. g4 h5 27. Kg2 Rad5 28. f5 hxg4 29. hxg4 exf5 30. gxf5 gxf5 31. Rg3+ Kf8 32. Rh1 Qf6 33. Qa6 f4 34. Rg4 c5 35. Qc8+ Rd8 36. Qc7 cxd4 37. Rxf4 Qg6+ 38. Kf2 Qc2+ 39. Kf1 Qc1+ 40. Kf2 Qe3+ 41. Kf1 R5d7 42. Rh8+ Ke7 43. Rxf7+ Kxf7 44. Qc4+ Kf6 45. Rh2 Qc1+ 46. Kf2 Qd2+ 0-1

[Event "Harkany Tenkes Cup"]
[Site "Harkany"]
[Date "1994.??.??"]
[Round "7"]
[White "Blees, Albert"]
[Black "Bogumil, Pavel"]
[Result "1/2-1/2"]
[WhiteElo "2420"]
[BlackElo "2350"]
[PlyCount "143"]
[EventDate "1994.11.??"]
[EventType "swiss"]
[EventRounds "9"]
[EventCountry "HUN"]
[SourceTitle "CBM 045 Extra"]
[Source "ChessBase"]
[SourceDate "1995.05.01"]
[SourceVersion "1"]
[SourceVersionDate "1995.05.01"]
[SourceQuality "1"]

1. e4 c6 2. d4 d5 3. e5 Bf5 4. Nc3 Qb6 5. Bd3 Bxd3 6. Qxd3 e6 7. Nce2 Ne7 8. Nf3 Qa6 9. Qd1 Nd7 10. 0-0 c5 11. c3 Nc6 12. Bg5 h6 13. Be3 cxd4 14. cxd4 Rc8 15. Nf4 Be7 16. Nh5 g6 17. Nf4 Bf8 18. h4 Bg7 19. Nh2 Ne7 20. Qd2 0-0 21. Nh3 Kh7 22. h5 f5 23. exf6 Nxf6 24. Qb4 Rf7 25. Nf3 Nxh5 26. Rfe1 Kg8 27. Qd2 Nf6 28. Rac1 Ne4 29. Rxc8+ Nxc8 30. Qc1 Qc6 31. Bxh6 Qxc1 32. Rxc1 Bxh6 33. Rxc8+ Rf8 34. Rc7 Rf7 35. Rc2 Re7 36. Ne5 Kh7 37. Kf1 Nd6 38. Ng1 Nb5 39. Ngf3 Rc7 40. Rxc7+ Nxc7 41. Ke2 Bf4 42. Nf7 Kg7 43. Nd8 b6 44. Nc6 a5 45. Nfe5 Bxe5 46. Nxe5 Nb5 47. Kd3 Nd6 48. a4 Nc8 49. Nd7 Kf7 50. Ke3 Ke7 51. Ne5 Kf6 52. Kf4 g5+ 53. Ke3 Ke7 54. f4 gxf4+ 55. Kxf4 Nd6 56. g4 b5 57. Nc6+ Kf6 58. g5+ Kg6 59. b3 bxa4 60. bxa4 Nc4 61. Ne5+ Kh5 62. Nd7 Kg6 63. Nc5 Kf7 64. Kg4 e5 65. dxe5 Nxe5+ 66. Kf5 Ng6 67. Nd3 Ne7+ 68. Kg4 d4 69. Ne5+ Kg7 70. Nc4 d3 71. Kf3 Nd5 72. Nxa5 1/2-1/2

[Event "Katowice Fibak op"]
[Site "Katowice"]
[Date "1993.??.??"]
[Round "5"]
[White "Glek, Igor Vladimirovich"]
[Black "Bogumil, Pavel"]
[Result "1-0"]
[WhiteElo "2545"]
[BlackElo "2350"]
[PlyCount "69"]
[EventDate "1993.01.??"]
[EventType "swiss"]
[EventRounds "9"]
[EventCountry "POL"]
[SourceTitle "EXT 1998"]
[Source "ChessBase"]
[SourceDate "1997.11.17"]
[SourceVersion "1"]
[SourceVersionDate "1997.11.17"]
[SourceQuality "1"]

1. e4 c6 2. d4 d5 3. Nc3 dxe4 4. Nxe4 Bf5 5. Ng3 Bg6 6. h4 h6 7. Nh3 e5 8. dxe5 Qa5+ 9. c3 Qxe5+ 10. Be2 Nf6 11. 0-0 Bc5 12. Bf4 Qd5 13. Qc1 0-0 14. Rd1 Qe6 15. b4 Be7 16. Re1 Nd5 17. h5 Bh7 18. Bd3 Qd7 19. Bxh7+ Kxh7 20. Qc2+ Kh8 21. Rad1 b5 22. a4 a6 23. Be5 Bd6 24. Nf4 Bxe5 25. Nxd5 cxd5 26. Rxe5 bxa4 27. Rexd5 Qe8 28. Nf5 Nc6 29. Nd6 Qe6 30. Qxa4 Ne7 31. R5d3 Nc8 32. Re3 Qg4 33. Nxf7+ Rxf7 34. Qe8+ Kh7 35. Rd8 1-0

[Event "Stare Mesto op"]
[Site "Stare Mesto"]
[Date "1992.??.??"]
[Round "?"]
[White "Belov, Igor"]
[Black "Bogumil, Pavel"]
[Result "1/2-1/2"]
[WhiteElo "2440"]
[BlackElo "2345"]
[PlyCount "145"]
[EventDate "1992.??.??"]
[EventType "swiss"]
[EventRounds "9"]
[EventCountry "CSR"]
[SourceTitle "EXT 1997"]
[Source "ChessBase"]
[SourceDate "1996.11.15"]
[SourceVersion "1"]
[SourceVersionDate "1996.11.15"]
[SourceQuality "1"]

1. Nf3 e6 2. c4 f5 3. g3 Nf6 4. Bg2 Be7 5. 0-0 0-0 6. b3 d6 7. d4 Ne4 8. Bb2 a5 9. Nc3 Nxc3 10. Bxc3 c6 11. e3 Nd7 12. a3 Qe8 13. Qc2 Nf6 14. Nd2 d5 15. b4 a4 16. Nf3 Bd6 17. Ne5 Nd7 18. Rfd1 Kh8 19. Rab1 Nxe5 20. dxe5 Be7 21. Bd4 Bd7 22. Rdc1 b5 23. cxb5 cxb5 24. Bc5 Rc8 25. Qd2 Bxc5 26. bxc5 Bc6 27. Qd4 Rb8 28. Rb4 Rf7 29. h3 g5 30. Bf3 Rg7 31. Be2 Rgb7 32. Kh2 Qg6 33. Rcb1 h5 34. Bd3 g4 35. h4 Qf7 36. Qf4 Qg6 37. R1b2 Kg8 38. Kg1 Kh8 39. Qd4 Kg8 40. Qc3 Qg7 41. Rf4 Rf8 42. Kh2 Kh8 43. Rbb4 Kg8 44. Qb2 Qd7 45. Be2 Rf7 46. Qc3 Qe7 47. Rb1 Rf8 48. Rfb4 Rfb8 49. Qd4 Be8 50. Rc1 Rc8 51. Rb2 Kh7 52. Rbc2 Bc6 53. Bd3 Rcb8 54. Rb2 Kg8 55. Qf4 Kg7 56. Rb4 Qf7 57. Qg5+ Qg6 58. Qxg6+ Kxg6 59. Rcb1 Kf7 60. Kg1 Ke7 61. Kf1 Kd8 62. Ke2 Kc7 63. Kd2 Be8 64. Kc3 Kc6 65. Kd4 Bf7 66. Be2 Be8 67. f3 gxf3 68. Bxf3 Bf7 69. Be2 Be8 70. Bd3 Bf7 71. R1b2 Be8 72. Be2 Bf7 73. Bd3 1/2-1/2

[Event "Stare Mesto op"]
[Site "Stare Mesto"]
[Date "1992.??.??"]
[Round "?"]
[White "Bogumil, Pavel"]
[Black "Bagaturov, Giorgi"]
[Result "0-1"]
[WhiteElo "2345"]
[BlackElo "2435"]
[PlyCount "54"]
[EventDate "1992.??.??"]
[EventType "swiss"]
[EventRounds "9"]
[EventCountry "CSR"]
[SourceTitle "EXT 1997"]
[Source "ChessBase"]
[SourceDate "1996.11.15"]
[SourceVersion "1"]
[SourceVersionDate "1996.11.15"]
[SourceQuality "1"]

1. d4 Nf6 2. Nf3 g6 3. Bg5 Bg7 4. Nbd2 d5 5. e3 0-0 6. Bd3 c5 7. c3 b6 8. 0-0 Nbd7 9. Ne5 Nxe5 10. dxe5 Ng4 11. Bb5 Nxe5 12. f4 a6 13. Ba4 Nd3 14. Bc6 Rb8 15. Qb1 c4 16. e4 dxe4 17. Bxe4 b5 18. Bxd3 cxd3 19. Re1 Re8 20. Re3 Bf5 21. Qe1 b4 22. Bxe7 Rxe7 23. Rxe7 bxc3 24. bxc3 Bxc3 25. Rd1 Bg4 26. Re4 Bxd1 27. Qxd1 Qd5 0-1

[Event "Budapest Spring op 08th"]
[Site "Budapest"]
[Date "1992.??.??"]
[Round "?"]
[White "Bogumil, Pavel"]
[Black "Teske, Henrik"]
[Result "0-1"]
[WhiteElo "2360"]
[BlackElo "2455"]
[PlyCount "52"]
[EventDate "1992.03.??"]
[EventType "swiss"]
[EventRounds "9"]
[EventCountry "HUN"]
[SourceTitle "CBM 030 Extra"]
[Source "ChessBase"]
[SourceDate "1992.11.01"]
[SourceVersion "1"]
[SourceVersionDate "1992.11.01"]
[SourceQuality "1"]

1. e4 c5 2. Nf3 e6 3. b3 Nc6 4. Bb2 d6 5. Bb5 Bd7 6. 0-0 Nf6 7. d3 Be7 8. Nbd2 0-0 9. Ne1 a6 10. Bxc6 Bxc6 11. g3 b5 12. Ng2 Nd7 13. a3 Bf6 14. c3 d5 15. Qc2 c4 16. bxc4 bxc4 17. dxc4 dxe4 18. Nxe4 Rb8 19. Rab1 Ne5 20. Rfd1 Qa5 21. Qe2 Be7 22. Ne1 Rfc8 23. Nd2 Rd8 24. Nc2 Rxd2 25. Rxd2 Nf3+ 26. Kf1 Qh5 0-1